000
00325nam a2200133Ia 4500
005
20260328104336.0
008
260328s9999||||xx |||||||||||||| ||und||
100
_a
Saalman, Howard
245
0
_a
Medieval Architecture /
_c
Howard Saalman
260
_b
Prentice-Hall
300
_a
127 p.
650
_a
ARQUITECTOS
942
_c
BK
999
_c
11899
_d
11899